Deutsche Musiker nach Buchstabe - Z - Statistiken

Allgemein
  • Dieses Quiz wurde 119 mal gespielt
  • Das Durchschnittsergebnis liegt bei 3 aus 20
Antwortstatistiken
Aktive Jahre Songs Antwort % Korrekt
1978- In der Weihnachtsbäckerei | … und ganz doll mich (ich mag) Zuckowski, Rolf
73%
1974-2023 Hier kommt Kurt | Ja, wenn wir alle Englein wären Zander, Frank
67%
2000-2001 Ich vermiss’ Dich (wie die Hölle) | Großer Bruder Zlatko
34%
2017- Na Und?! | Was für eine geile Zeit Zucker, Ben
24%
2005- 1000 Träume weit (Torneró) | Himmelblaue Augen Zimmermann, Anna-Maria
20%
2011- Clarity | The Middle Zedd
18%
2005-2024 Olivia | Nimm die Beine in die Hand Zipfelbuben, die
12%
1999- Kernkraft 400 | Tryouts Zombie Nation
12%
2015- Nummer 1 | Du bist mein Zuna
10%
1997-2007, 2011- Antifascista | Herz für die Sache ZSK
8%
2010- Plattenbau O.S.T. | Alle Gegen Alle Zugezogen Maskulin
8%
1979-1984, 2003- Sauerland | Faxen machen Zoff
6%
1986- Verdammt (und dann stehst Du im Regen) | Haß mich, wenn Du kannst Ziegler, Wolfgang
5%
1982-1983 Zauberstab | Caprifischer ZaZa
3%
1979- Müngersdorfer Stadion | Asi mit Niwoh Zeltinger Band
3%
2003-2006 Du bist nicht allein | Ein weiterer Morgen Zeichen der Zeit
2%
2002- Galerie | Heimliche Liebe Zcalacee
1%
1947-1955 Wir, Wir, Wir, haben ein Klavier | Dann ist er furchtbar müde Zehn Whiskys und ein Soda
1%
1996-2002 Celebrate (The Love) | Dreamer Zhi-Vago
1%
2005- Dreh dich nicht um | Das Licht dieser Welt Zu Knyphausen, Gisbert
1%
Keine übereinstimmenden Quizze gefunden
Verteilung der Resultate
Anzahl Personen mit jedem Resultat
Perzentil nach korrekt beantworteten Fragen
Ihre Resultats-Entwicklung
Sie haben dieses Quiz noch nicht gespielt